LIBRARY & INFORMATION CENTRE, KCAET, TAVANUR

ONLINE PUBLIC ACCESS CATALOGUE (OPAC)

Effect of different tillage methods on percolation loss in rice fields (Record no. 15254)

MARC details
000 -LEADER
fixed length control field 00596nam a22001697a 4500
003 - CONTROL NUMBER IDENTIFIER
control field OSt
088 ## - REPORT NUMBER
Report number T 17
100 ## - MAIN ENTRY--AUTHOR NAME
Personal name MINI P. K
245 ## - TITLE STATEMENT
Title Effect of different tillage methods on percolation loss in rice fields
260 ## - PUBLICATION, DISTRIBUTION, ETC. (IMPRINT)
Place of publication Tavanur 1993
Name of publisher Kelappaji College of Agricultural Engineering and Technology
300 ## - PHYSICAL DESCRIPTION
Number of Pages 96
500 ## - GENERAL NOTE
General note Effect of different tillage methods on percolation loss in rice fields
520 ## - SUMMARY, ETC.
Summary, etc Effect of different tillage methods on percolation loss in rice fields
700 ## - ADDED ENTRY--PERSONAL NAME
Personal name Prof. T. P. George (Guide)
942 ## - ADDED ENTRY ELEMENTS (KOHA)
Koha item type Theses
Holdings
Collection code Home library Current library Shelving location Full call number Accession Number Koha item type Public note
Reference KAUAET KAUAET Reference 631.75807 MIN/EF T 17 Theses M.Tech Thesis
free website counter